000
00232nam a22000857a 4500
008
160712b xxu||||| |||| 00| 0 eng d
100
_9
2651
_a
Ridenour, F
245
_a
The Other Side of Morality
260
_a
Cali
_b
A Division of G/L
_c
1972
999
_c
2304
_d
2304